Statistics for Fill in the Blank

Click here to take the quiz!

General Stats

  • This quiz has been taken 52 times
  • The average score is 6 of 9

Answer Stats

HintAnswer% Correct
The early ____ gets the worm.bird
100%
Make America _____ again.great
95%
Holy ___!cow
85%
Come in, we are ____.open
85%
__ vacancy.no
75%
No shirt, no shoes, no _______.service
73%
Give me _______ or give me death!liberty
65%
A ____ and his money are soon parted.fool
43%
In a ______.pickle
15%

Score Distribution

Percentile by Number Answered

Percent of People with Each Score

Your Score History

You have not taken this quiz